000 00716nam a2200241 u 4500
005 20240228063619.0
008 150303s2004 r 000 0 eng d
020 _a9681673085
035 _aUPN01000202235
049 _aI
050 4 _aPZ26.3
_bB6.2
100 1 _aDorémus, Gaëtan,
_d1976-
_935731
245 1 0 _aBelisario /
_cGaëtan Dorémus ; tr. Gerónimo Rajchenberg.
260 _aMéxico :
_bFCE,
_c2004.
300 _a[32] p. :
_bprincipalmente il. col.
440 4 _aLos primerísimos
534 _pTítulo original:
_tBelisaire
650 0 _aAnimales
_vCuentos y leyendas
_9234
650 4 _aLiteratura infantil francesa
_913687
905 _aInfantil
999 _c174336
_d174336